00589cam a22002051a 4500001001300000003000400013005001700017008004100034010001700075025002000092035002000112040002100132042001200153050002000165100004900185245007600234260003600310300002000346999001700366sa 68014344 DLC20260227112630.0940329s1966 io 000 1 jav  asa 68014344  aPL480:Indo-4870 a(OCoLC)30051284 aDLCcCUdWUdDLC apremarc00aPL5179.H325bT50 aHarjana H. P.q(Harjana Hadipranata),d1939-10aTibaning katresnan /ckarangané Hardjana HP; Gambar: I.M.B. Sumantri. aSala :b"Mutiara Press,"c1966. a74 p. ;c15 cm. c85714d85714